01461 am a2200337 a 450000500170000000800410001702000150005804100080007310000230008124501120010425000740021626000440029030000290033450001900036365300250055365300400057865300190061865300510063765300490068865300480073765300210078565300510080665300550085765300300091265300510094265300220099365300250101565300330104070000240107370000260109720240625080657.0100629s2003||||sp a f |||| 001 0 spa d a8420537837 aspa1 aPetrucci, Ralph H. aQuímica general. bT.2 Reactividad química. Compuestos inorgánicos y orgánicos /cRalph H. Petrucci a8a ed.bTraducción Concepción Pando G. Pumarino y Nerea Iza Cabo. aMadrid: bPearson Prentice Hall;c2003. a577-1160 p.c195x270 cm. aPetrucci, R. H., Harwood, W. H. y Herring, F. G. (2003). Química general. T.2 Reactividad química. Compuestos inorgánicos y orgánicos. (8a ed.). Madrid : Pearson Prentice Hall.  aCinética química aPrincipios del equilibrio químico aAcidos y bases aOtros aspectos de los equilibrios ácido-base aSolubilidad y equilibrios de iones complejos aEspontaneidad. Entropía y energía Gibbs aElectroquímica aElementos de los grupos principales I: metales aElementos de los grupos principales II: no metales aElementos de transición aIones complejos y compuestos de coordinación aQuímica nuclear aQuímica orgánica aQuímica de los seres vivos1 aHarwood, William H.1 aHerring, F. Geoffrey.